| 000 | 00883nam a2200265 a 4500 | ||
|---|---|---|---|
| 005 | 20240911064156.0 | ||
| 008 | 070226s1999 mx r 000 0 spa d | ||
| 020 | _a8446011840 | ||
| 035 | _aUPN01000149541 | ||
| 049 | _aCG | ||
| 050 | 4 |
_aHM881 _bA7.5 |
|
| 100 | 1 | _aArrighi, Giovanni | |
| 245 | 1 | 0 |
_aMovimientos antisistémicos / _cGiovanni Arrighi, Terence K. Hopkins, Immanuel Wallerstein ; tr. Carlos Prieto del Campo. |
| 260 |
_aMadrid : _bAkal, _c1999. |
||
| 300 |
_a125 p. : _btablas |
||
| 440 | 0 |
_aCuestiones de antagonismo ; _v1 |
|
| 534 |
_pTraducción de: _tAntisystemic movements |
||
| 650 | 2 |
_aMovimientos sociales _913536 |
|
| 650 | 4 |
_aImperialismo _99887 |
|
| 650 | 4 |
_aCULTURA - _xASPECTOS SOCIALES _96808 |
|
| 650 | 4 |
_aCapitalismo _96436 |
|
| 700 | 1 |
_aHopkins, Terence K., _ecoaut. |
|
| 700 | 1 |
_aWallerstein, Immanuel Maurice, _d1930- _ecoaut. |
|
| 905 | _aLibro | ||
| 999 |
_c121682 _d121682 |
||